| 000 | 00962 a2200205 4500 | ||
|---|---|---|---|
| 003 | Nust | ||
| 005 | 20170207153439.0 | ||
| 010 | _a 76012803 | ||
| 020 | _a0201072440 | ||
| 040 | _cNust | ||
| 082 | 0 | 0 | _a621.38 |
| 100 | 1 | _aStremler, Ferrel G. | |
| 245 | 1 | 0 |
_aIntroduction to communication systems / _cFerrel G. Stremler. |
| 260 |
_aReading, Mass. : _bAddison-Wesley Pub. Co., _cc1977. |
||
| 300 |
_axii, 562 p. : _bill. ; _c25 cm. |
||
| 490 | 0 | _aAddison-Wesley series in electrical engineering | |
| 505 | _aIntroduction (Page-1), Orthogonality and Signal Representations (Page-9), the fourier Transform and Applications (Page-79), Power Spectral Density (Page-151), Amplitude Modulation (Page-201), Angle Modulation (Page-279), Pulse Modulation (Page-351), Probability and Random Variable (Page-431), Information and Digital Transmission (Page-499), Digital Modulation (Page-571). | ||
| 650 | 0 | _aSignal theory (Telecommunication) | |
| 650 | 0 | _aTelecommunication. | |
| 942 |
_2ddc _cBK |
||
| 999 |
_c186456 _d186456 |
||